000 00795nam a2200205 a 4500
008 120416s1992 ||||||||||||||||| || u
020 _a0706959515
050 _aHC 59.7 Chi
100 _aChileshe, Jonathan H
245 1 0 _aNothing wrong with Africa
246 _aexcept...
250 _a2nd. rev.
260 _aNew Delhi
_bVikas Publishing House
_c1992
300 _axxv, 326p. : ill.
350 _a0.00
650 0 _aECONOMICS
650 _aAFRICA--ECONOMIC ASPECTS--DEVELOPMENT
995 _aSPECIAL COLLECTIONS
_D0.00
_e724210
_FCBU-MAIN LIBRARY (Kitwe)
_H1
_I2100.00
_jZAM HC 59.7 Chi
_UAVAILABLE
_y018591
_ZZambiana Collection
995 _aMAIN LIBRARY OPEN ACCESS
_D0.00
_e724209
_FCBU-MAIN LIBRARY (Kitwe)
_H2
_I2100.00
_jHC 59.7 Chi
_M1
_UAVAILABLE
_y002061
_ZMain Library Open Access Collection
999 _c78839
_d78839